Heart of Midlothian FC Players 2014-2025 - Statistics

General Stats
  • This quiz has been taken 8 times
  • The average score is 69 of 188
Answer Stats
Player % Correct
Aaron Hickey
80%
Adam Forrester
80%
Alan Forrest
80%
Billy King
80%
Blair Spittal
80%
Cammy Devlin
80%
Christophe Berra
80%
Connor Smith
80%
Craig Gordon
80%
Craig Halkett
80%
David Smith
80%
Elton Kabangu
80%
Kenneth Vargas
80%
Kye Rowles
80%
Lawrence Shankland
80%
Lewis Moore
80%
Liam Boyce
80%
Liam Gordon
80%
Liam Smith
80%
Michael Smith
80%
Osman Sow
80%
Ryan Fulton
80%
Stephen Kingsley
80%
Taylor Moore
80%
Yutaro Oda
80%
Zander Clark
80%
Aidan Denholm
60%
Anthony McDonald
60%
Ashley Smith-Brown
60%
Barrie McKay
60%
Brad McKay
60%
Calem Nieuwenhof
60%
Callum Paterson
60%
Craig Wighton
60%
Danny Wilson
60%
Frankie Kent
60%
Garang Kuol
60%
Gary Mackay-Steven
60%
James Wilson
60%
Jamie McCart
60%
Jamie Walker
60%
Jorge Grant
60%
Josh Ginnelly
60%
Kyle Lafferty
60%
Kyosuke Tagawa
60%
Michael Steinwender
60%
Nathaniel Atkinson
60%
Ryotaro Meshino
60%
Steven Naismith
60%
Yan Dhanda
60%
Zdenek Zlamal
60%
Aaron Hughes
40%
Abiola Dauda
40%
Adam Eckersley
40%
Aidan Keena
40%
Alex Cochrane
40%
Alim Öztürk
40%
Arnaud Djoum
40%
Beni Baningime
40%
Ben Woodburn
40%
Bjorn Johnsen
40%
Callumn Morrison
40%
Cammy Logan
40%
Chris Hamilton
40%
Connor Randall
40%
Conor Sammon
40%
Daniel Baur
40%
Danny Swanson
40%
David Milinkovic
40%
Don Cowie
40%
Elliot Frear
40%
Ellis Simms
40%
Euan Henderson
40%
Faycal Rherras
40%
Género Zeefuik
40%
Gerald Taylor
40%
Gervane Kastaneer
40%
Harry Cochrane
40%
Harry Stone
40%
Igor Rossi
40%
Isma Goncalves
40%
Jack Hamilton
40%
James Hill
40%
James Penrice
40%
Jimmy Dunne
40%
Joaquim Adao
40%
Joel Pereira
40%
Jon McLaughlin
40%
Jordan McGhee
40%
Kevin McHattie
40%
Lewis Neilson
40%
Liam Henderson
40%
Macaulay Tait
40%
Malachi Boateng
40%
Marcel Langer
40%
Miguel Pallardó
40%
Morgaro Gomis
40%
Musa Drammeh
40%
Oliver Bozanic
40%
Olly Lee
40%
Peter Haring
40%
Prince Buaben
40%
Rafal Grzelak
40%
Sam Nicholson
40%
Sander Kartum
40%
Sean Clare
40%
Shay Logan
40%
Steven MacLean
40%
Toby Sibbick
40%
Uche Ikpeazu
40%
Aaron McEneff
20%
Aidy White
20%
Alexandros Tziolis
20%
Alistair Roy
20%
Andraz Struna
20%
Andy Irving
20%
Armand Gnanduillet
20%
Ben Garuccio
20%
Blazej Augustyn
20%
Bobby Burns
20%
Clevid Dikamona
20%
Colin Doyle
20%
Conor Shaughnessy
20%
Conor Washington
20%
Dale Carrick
20%
Daniel Oyegoke
20%
Dario Zanatta
20%
David Vanecek
20%
Demetri Mitchell
20%
Dylan Bikey
20%
Gary Oliver
20%
Gavin Reilly
20%
Jake Mulraney
20%
James Keatings
20%
Jason Holt
20%
Jordan Roberts
20%
Kenny Anderson
20%
Krystian Nowak
20%
Leeroy Makavora
20%
Loic Damour
20%
Malaury Martin
20%
Marcus Godinho
20%
Mihai Popescu
20%
Moha Choulay
20%
Neil Alexander
20%
Nikolay Todorov
20%
Orestis Kiomourtzoglou
20%
Perry Kitchen
20%
Robert Snodgrass
20%
Ross Callachan
20%
Ross Stewart
20%
Ryan Edwards
20%
Scott Fraser
20%
Soufian El Hassnaoui
20%
Stephen Humphrys
20%
Alex Lowry
0%
Alex Petkov
0%
Andres Salazar
0%
Andy Halliday
0%
Angus Beith
0%
Cammy Logan
0%
Cole Stockton
0%
Danny Amankwaa
0%
Dexter Lembikisa
0%
Donis Advijaj
0%
Finlay Pollock
0%
Glenn Whelan
0%
Jamie Brandon
0%
Juanma
0%
Juwon Oshaniwa
0%
Lee Hollis
0%
Lennard Sowah
0%
Makenzie Kirk
0%
Murray Thomas
0%
Nathan Flanagan
0%
Odel Offiah
0%
Robbie Buchanan
0%
Robbie Muirhead
0%
Rory Currie
0%
Scott Gallacher
0%
Scott McGill
0%
Scott Robinson
0%
Sean McKirdy
0%
Tasos Avlonitis
0%
Tony Watt
0%
Viktor Noring
0%
No matching quizzes found
Score Distribution
Percent of People with Each Score
Percentile by Number Answered
Your Score History
You have not taken this quiz